000 00660nam a2200265Ia 4500
003 OSt
005 20220912151940.0
006 a|||||r|||| 00| 0
007 ta
008 220909b |||||||| |||| 00| 0 eng d
024 _a64160
037 _cTextual
040 _aCSL
_beng
_cCSL
041 _aeng
082 _aB25:1, L02
100 _aFeeman George F
245 0 _aLinear algebra and multivariable calculus
260 _c1970
300 _ap.
_ccm.
650 _a Linear algebra
650 _aCalulus
700 _a Grabois Neil R
942 _hB25:1, L02
_cTEXL
_2CC
999 _c77734
_d77734